000 00506nam a22002057a 4500
003 koha_MIRAKIL
005 20231213100231.0
008 231213b |||||||| |||| 00| 0 ||| d
020 _b978-9-75210709-0
040 _aTR-IsEVY
_btur
_cTR-IsEVY
082 _a813.42 KOR/B
100 _aKorkut, Aysel.
245 0 _aBeni kimse anlamıyor
250 _a2. bs.
260 _bAltın Kitaplar,
_c2007
300 _a136 s.
650 _aTürk romanı.
650 _aTurkish fiction.
942 _2ddc
_cBK
999 _c16695
_d16695